| 000 | 00908nam a22002777a 4500 | ||
|---|---|---|---|
| 008 | 130821s2006 sp gr spa | ||
| 020 | _a8495363240 | ||
| 040 |
_aCo-BoUCM _bspa |
||
| 041 | 0 | 0 | _aspa |
| 100 | 1 |
_aBauman, Zygmunt _d1925- _953406 |
|
| 245 | 1 | 0 |
_aModernidad y holocausto _cZygmunt Bauman ; traducción de Ana Mendoza. |
| 250 | _a3a ed. | ||
| 260 |
_aMadrid (España) _bEdiciones Sequitur _c2006 |
||
| 300 | _a270 páginas | ||
| 504 | _aIncluye bibliografía. | ||
| 650 | 0 | 4 |
_aAntisemitismo _99173 |
| 650 | 0 | 4 |
_aGenocidio _xAspectos políticos _916325 |
| 650 | 0 | 4 |
_aGenocidio _xAspectos psicológicos _916325 |
| 650 | 0 | 4 |
_aModernidad _919681 |
| 650 | 0 | 4 |
_aProblemas sociales _922324 |
| 650 | 0 | 4 |
_aRacismo _923026 |
| 700 | 1 |
_aMendoza, Ana _etrad. _9171763 |
|
| 765 | _tModernity and the holocaust. | ||
| 942 |
_cLIBRO _a6 _e3 _mB347m _2DEWEY _h320.56 |
||
| 999 |
_c91798 _d91798 |
||